[Event "14th EUR-ch"]
[Site "Legnica POL"]
[Date "2013.05.16"]
[Round "11"]
[White "Gaehwiler, Gabriel"]
[Black "Matsenko, Sergei"]
[Result "0-1"]
[WhiteElo "2288"]
[BlackElo "2485"]
[EventDate "2013.05.05"]
[PlyCount "54"]

1.e4 e6 2.d4 d5 3.e5 c5 4.c3 Nc6 5.Nf3 Bd7 6.Bd3 Qb6 7.dxc5 Qc7 8.Bf4 Bxc5
9.O-O Nge7 10.b4 Bb6 11.Na3 a6 12.Bg3 h6 13.Rc1 Qd8 14.Nc2 O-O 15.Ne3 Rc8 
16.Ng4 Nf5 17.Qd2 Nce7 18.Bh4 Nxh4 19.Nxh4 Bb5 20.Bxb5 axb5 21.Kh1 d4 22.
Nxh6+ gxh6 23.Qxh6 Rxc3 24.Rce1 d3 25.Rd1 Nf5 26.Nxf5 exf5 27.e6 Bd4 0-1

[Event "14th EUR-ch"]
[Site "Legnica POL"]
[Date "2013.05.16"]
[Round "11"]
[White "Svana, Peter"]
[Black "Cernousek, Lukas"]
[Result "0-1"]
[WhiteElo "2255"]
[BlackElo "2476"]
[EventDate "2013.05.05"]
[PlyCount "66"]

1.d4 Nf6 2.c4 g6 3.Nc3 d5 4.Nf3 Bg7 5.Bg5 Ne4 6.cxd5 Nxg5 7.Nxg5 e6 8.Nf3 
exd5 9.e3 O-O 10.Bd3 c6 11.O-O Be6 12.b4 Nd7 13.Rc1 a6 14.Na4 f5 15.Qd2 
Qe7 16.Nc5 Nxc5 17.bxc5 Rad8 18.Bb1 Bc8 19.Ne1 f4 20.exf4 Qf6 21.Rd1 Qxf4 
22.g3 Qf6 23.f4 Bg4 24.Nf3 Rde8 25.Kg2 Re7 26.h3 Bxf3+ 27.Rxf3 Rfe8 28.Rf2
Re3 29.h4 Qe7 30.Rdf1 Qf6 31.Rd1 Qe7 32.h5 Qd7 33.hxg6 Qg4 0-1

[Event "14th EUR-ch"]
[Site "Legnica POL"]
[Date "2013.05.16"]
[Round "11"]
[White "Fauland, Alexander"]
[Black "Buchal, Stephan"]
[Result "1-0"]
[WhiteElo "2449"]
[BlackElo "2315"]
[EventDate "2013.05.05"]
[PlyCount "75"]

1.d4 g6 2.e4 Bg7 3.c4 d6 4.Nc3 Nf6 5.Nge2 Nbd7 6.Ng3 h5 7.Be2 e5 8.d5 h4 
9.Nf1 Nc5 10.f3 Nh5 11.g3 Bh3 12.Rg1 f5 13.Be3 hxg3 14.hxg3 f4 15.Bxc5 
dxc5 16.g4 Qh4+ 17.Kd2 Qf2 18.Qa4+ Kf8 19.Rh1 Ng3 20.Nxg3 fxg3 21.Qd7 g2 
22.Rhg1 Re8 23.Qxc7 Bh6+ 24.Kc2 Be3 25.Rgd1 Bd4 26.d6 Qh4 27.Qxb7 Rh7 28.
Qc6 Rd8 29.Nb5 Qf2 30.Rd2 Rhd7 31.Nxd4 cxd4 32.c5 g1=Q 33.Rxg1 Qxg1 34.Qd5
Bf1 35.Qxe5 Bxe2 36.Rxe2 d3+ 37.Kxd3 Qb1+ 38.Kd2 1-0

[Event "14th EUR-ch"]
[Site "Legnica POL"]
[Date "2013.05.16"]
[Round "11"]
[White "Cherednichenko, Svetlana"]
[Black "Schachinger, Mario"]
[Result "0-1"]
[WhiteElo "2274"]
[BlackElo "2443"]
[EventDate "2013.05.05"]
[PlyCount "76"]

1.d4 Nf6 2.Nf3 d5 3.e3 a6 4.Bd3 Bg4 5.Nbd2 c5 6.b3 Nc6 7.Bb2 cxd4 8.exd4 
e6 9.a3 Bd6 10.O-O O-O 11.Qe1 Bh5 12.Ne5 Rc8 13.f4 Bg6 14.Nxg6 hxg6 15.g3 
Bb8 16.Nf3 Ba7 17.Kh1 Ne7 18.Rg1 Qc7 19.Ne5 Ne4 20.c4 dxc4 21.bxc4 Nf6 22.
g4 Rcd8 23.c5 Nc6 24.Rg3 Nxd4 25.Rc1 Rd5 26.Rh3 Rxe5 27.fxe5 Qc6+ 28.Kg1 
Nf3+ 29.Rxf3 Qxf3 30.exf6 Qxd3 31.fxg7 Rd8 32.Qf2 Rd5 33.h4 Qh3 34.g5 Rd3 
35.Be5 Qg4+ 36.Qg2 Qxh4 37.Kf1 Rd5 38.Bf6 Qf4+ 0-1

[Event "14th EUR-ch"]
[Site "Legnica POL"]
[Date "2013.05.16"]
[Round "11"]
[White "Schroll, Gerhard"]
[Black "Rindlisbacher, Lars"]
[Result "1/2-1/2"]
[WhiteElo "2387"]
[BlackElo "2312"]
[EventDate "2013.05.05"]
[PlyCount "81"]

1.d4 Nf6 2.c4 e6 3.Nc3 Bb4 4.e3 O-O 5.Ne2 d5 6.a3 Bd6 7.Ng3 c6 8.Be2 Nbd7 
9.O-O b6 10.b4 a5 11.b5 Bb7 12.cxd5 Nxd5 13.Nxd5 cxd5 14.Bb2 Rc8 15.Bd3 f5
16.f4 Nf6 17.Qd2 Qe7 18.Rfc1 Rxc1+ 19.Qxc1 Rc8 20.Qd1 Ne4 21.a4 Bb4 22.Rc1
Rxc1 23.Bxc1 Qc7 24.Qc2 Qxc2 25.Bxc2 h6 26.Nf1 g5 27.g3 Bc8 28.Kg2 Bd7 29.
h3 Be8 30.Nh2 Bc3 31.Nf3 gxf4 32.exf4 Bh5 33.Be3 Bxf3+ 34.Kxf3 h5 35.g4 
hxg4+ 36.hxg4 Kf7 37.gxf5 exf5 38.Bb3 Ke6 39.Bc2 Nf6 40.Bf2 Ne4 41.Be3 
1/2-1/2

[Event "14th EUR-ch"]
[Site "Legnica POL"]
[Date "2013.05.16"]
[Round "11"]
[White "Iwanow, Anna"]
[Black "Erturan, Yakup"]
[Result "1-0"]
[WhiteElo "2195"]
[BlackElo "2386"]
[EventDate "2013.05.05"]
[PlyCount "45"]

1.e4 e5 2.Nf3 Nc6 3.Bb5 Nd4 4.Nxd4 exd4 5.d3 c6 6.Bc4 Nf6 7.O-O d6 8.f4 
Be7 9.Nd2 d5 10.Bb3 dxe4 11.Nxe4 O-O 12.Nxf6+ Bxf6 13.f5 b6 14.Qh5 Qd7 15.
g4 Kh8 16.g5 Be5 17.Bd2 Bd6 18.Bf4 Bxf4 19.Rxf4 Qd6 20.Raf1 Bd7 21.g6 h6 
22.f6 fxg6 23.fxg7+ 1-0

[Event "14th EUR-ch"]
[Site "Legnica POL"]
[Date "2013.05.16"]
[Round "11"]
[White "Marjanovic, Dejan"]
[Black "Zawadzka, Jolanta"]
[Result "0-1"]
[WhiteElo "2186"]
[BlackElo "2383"]
[EventDate "2013.05.05"]
[PlyCount "94"]

1.e4 c5 2.Nc3 d6 3.Nf3 Nf6 4.d4 cxd4 5.Nxd4 a6 6.Be2 e5 7.Nb3 Be7 8.g4 h6 
9.Be3 Be6 10.Bf3 Nbd7 11.Qe2 Rc8 12.O-O-O Rxc3 13.bxc3 Qc7 14.h4 Nb6 15.
Bxb6 Qxb6 16.g5 Nd7 17.Bg4 Bxg4 18.Qxg4 Qxf2 19.Kb1 h5 20.Qh3 Qe2 21.Qd3 
Qg4 22.Qd5 O-O 23.Qxb7 Rb8 24.Qa7 a5 25.Ka1 Rd8 26.Rde1 d5 27.Qxa5 dxe4 
28.Qa7 Rc8 29.Qe3 f5 30.gxf6 Nxf6 31.Qg5 Qe6 32.Qg3 Ra8 33.Rhg1 Bf8 34.c4 
Ra7 35.Qc3 Qa6 36.Qb2 Ba3 37.Qxe5 Bb4 38.Qb8+ Kh7 39.Kb1 Qxa2+ 40.Kc1 Ba3+
41.Kd2 Rd7+ 42.Ke2 Qxc2+ 43.Kf1 Qd3+ 44.Re2 Qf3+ 45.Ke1 Bd6 46.Nd2 Qxe2+ 
47.Kxe2 Bxb8 0-1

[Event "14th EUR-ch"]
[Site "Legnica POL"]
[Date "2013.05.16"]
[Round "11"]
[White "Maevsky, Nikolay"]
[Black "Sahitaj, Naim"]
[Result "1-0"]
[WhiteElo "2323"]
[BlackElo "2256"]
[EventDate "2013.05.05"]
[PlyCount "95"]

1.d4 Nf6 2.c4 e6 3.Nf3 d5 4.Nc3 a6 5.Bg5 Be7 6.e3 Nbd7 7.Qc2 dxc4 8.Bxc4 
b5 9.Be2 Bb7 10.O-O h6 11.Bh4 g5 12.Bg3 c5 13.dxc5 Nxc5 14.Rfd1 Qb6 15.b4 
Nce4 16.Nxe4 Bxe4 17.Qb2 O-O 18.Be5 Nd5 19.Rd4 Bg6 20.a3 Rfc8 21.Rd2 f6 
22.Bd4 Qb7 23.Rad1 Rc7 24.Ne1 Be4 25.f3 Bg6 26.e4 e5 27.exd5 exd4 28.Qxd4 
Rd8 29.Qf2 Bd6 30.Bd3 Bf7 31.Be4 Rc3 32.Rd3 Qc7 33.g3 h5 34.Kg2 Kg7 35.
Rxc3 Qxc3 36.Nc2 h4 37.Nd4 hxg3 38.hxg3 Qxa3 39.Nf5+ Kf8 40.Qb6 Rd7 41.
Nxd6 Qb2+ 42.Kg1 g4 43.Qb8+ Kg7 44.Nf5+ Kh7 45.Qf8 Be6 46.Ne7+ f5 47.Nxf5 
Bxf5 48.Qxf5+ 1-0

[Event "14th EUR-ch"]
[Site "Legnica POL"]
[Date "2013.05.16"]
[Round "11"]
[White "Izzat, Kanan"]
[Black "Krnic, Ivan"]
[Result "1-0"]
[WhiteElo "2322"]
[BlackElo "2166"]
[EventDate "2013.05.05"]
[PlyCount "33"]

1.d4 Nf6 2.Nf3 g6 3.c4 Bg7 4.Nc3 O-O 5.e4 d6 6.h3 Nbd7 7.Bg5 c5 8.d5 b5 9.
cxb5 a6 10.a4 Qa5 11.Bd2 Qb4 12.Qc2 axb5 13.Bxb5 Ba6 14.Nd1 Qxe4+ 15.Qxe4 
Nxe4 16.Bxd7 Rfb8 17.Bc3 1-0

[Event "14th EUR-ch"]
[Site "Legnica POL"]
[Date "2013.05.16"]
[Round "11"]
[White "Ekstroem, Roland"]
[Black "Musialkiewicz, Jan"]
[Result "1/2-1/2"]
[WhiteElo "2461"]
[BlackElo "2256"]
[EventDate "2013.05.05"]
[PlyCount "80"]

1.d4 d5 2.c4 c6 3.Nf3 Nf6 4.Qb3 dxc4 5.Qxc4 Bf5 6.g3 e6 7.Bg2 Nbd7 8.O-O 
Be7 9.Nc3 O-O 10.Re1 Ne4 11.Qb3 Qb6 12.Nh4 Qxb3 13.axb3 Bb4 14.Nxf5 exf5 
15.Bxe4 fxe4 16.Bd2 Rfe8 17.Nxe4 Rxe4 18.Bxb4 Rxd4 19.Bc3 Rd6 20.Red1 
Rxd1+ 21.Rxd1 Nf8 22.f3 f6 23.Kf2 Kf7 24.h4 h5 25.e4 Re8 26.Ra1 a6 27.Rd1 
Re7 28.Bb4 Rd7 29.Rxd7+ Nxd7 30.Ke3 Ke6 31.Bc3 g6 32.g4 Nf8 33.Kf4 hxg4 
34.Kxg4 Nd7 35.b4 Ne5+ 36.Kf4 Nf7 37.Kg4 Ne5+ 38.Kf4 Nf7 39.Kg4 Ne5+ 40.
Kf4 Nf7 1/2-1/2

[Event "14th EUR-ch"]
[Site "Legnica POL"]
[Date "2013.05.16"]
[Round "11"]
[White "Sipila, Vilka"]
[Black "Szumilas, Piotr"]
[Result "1/2-1/2"]
[WhiteElo "2445"]
[BlackElo "2198"]
[EventDate "2013.05.05"]
[PlyCount "150"]

1.d4 d5 2.c4 c6 3.Nf3 Nf6 4.e3 Bf5 5.Nc3 e6 6.Bd3 Bxd3 7.Qxd3 Nbd7 8.O-O 
Bd6 9.e4 dxe4 10.Nxe4 Nxe4 11.Qxe4 Nf6 12.Qe2 h6 13.Ne5 O-O 14.Bf4 Qc7 15.
c5 Bxe5 16.Bxe5 Qd8 17.b4 Nd5 18.b5 Nc3 19.Qg4 Qg5 20.Qxg5 hxg5 21.bxc6 
bxc6 22.Rfe1 Rfd8 23.a4 a5 24.Ra3 Nd5 25.Rb3 Nb4 26.Kf1 Rd5 27.h4 gxh4 28.
Re4 f6 29.Bc7 Nc2 30.Rb7 Rxd4 31.Rxd4 Nxd4 32.Ke1 e5 33.Bb6 g5 34.Rc7 g4 
35.Kf1 Rb8 36.Ra7 Nb3 37.Rc7 Nd4 38.Rd7 h3 39.Kg1 hxg2 40.Kxg2 Nb3 41.Kg3 
f5 42.Re7 e4 43.Kf4 Rf8 44.Kg5 Rf7 45.Re6 Nd4 46.Rd6 Nf3+ 47.Kf4 Ne1 48.
Rxc6 Nd3+ 49.Kg5 e3 50.fxe3 g3 51.Rg6+ Kf8 52.c6 g2 53.Kh6 Ke7 54.c7 Kd7 
55.Rxg2 Rf6+ 56.Rg6 Rxg6+ 57.Kxg6 f4 58.e4 f3 59.Kf7 f2 60.Bxf2 Nxf2 61.e5
Ne4 62.e6+ Kxc7 63.e7 Nd6+ 64.Ke6 Kc6 65.Ke5 Ne8 66.Kd4 Kd6 67.Kc4 Kc6 68.
Kd4 Nd6 69.Ke5 Kd7 70.Kd5 Kxe7 71.Kc6 Ke6 72.Kb6 Nc4+ 73.Kc5 Nd2 74.Kb5 
Nb3 75.Kc4 Nd2+ 1/2-1/2

[Event "14th EUR-ch"]
[Site "Legnica POL"]
[Date "2013.05.16"]
[Round "11"]
[White "Lewtak, Damian"]
[Black "Mazur, Stefan"]
[Result "0-1"]
[WhiteElo "2224"]
[BlackElo "2402"]
[EventDate "2013.05.05"]
[PlyCount "88"]

1.e4 e5 2.Nf3 Nc6 3.Bb5 a6 4.Ba4 Nf6 5.d3 d6 6.Nc3 g6 7.Nd5 Bg7 8.c3 O-O 
9.Bg5 Be6 10.Nxf6+ Bxf6 11.Qd2 Bg4 12.Bxf6 Qxf6 13.Qg5 Qxg5 14.Nxg5 b5 15.
Bb3 Rab8 16.a3 Kg7 17.f3 Bd7 18.h4 a5 19.Kd2 a4 20.Bc2 Na5 21.Nh3 f5 22.
exf5 gxf5 23.f4 e4 24.Rae1 d5 25.Rhg1 Kf6 26.g4 fxg4 27.Ng5 Kg7 28.dxe4 h6
29.Nh3 Kh8 30.Nf2 Rxf4 31.Nd3 Nc4+ 32.Kc1 Rxe4 33.Rxe4 dxe4 34.Nc5 Bf5 35.
Bxe4 Bxe4 36.Nxe4 Rf8 37.h5 Rf5 38.Ng3 Rf2 39.Ne4 Rf4 40.Nc5 Rf5 41.Ne6 
Rxh5 42.Nxc7 Rh2 43.Nxb5 h5 44.Nd4 Nxb2 0-1

[Event "14th EUR-ch"]
[Site "Legnica POL"]
[Date "2013.05.16"]
[Round "11"]
[White "Pavlidou, Ekaterini"]
[Black "Tari, Aryan"]
[Result "0-1"]
[WhiteElo "2209"]
[BlackElo "2385"]
[EventDate "2013.05.05"]
[PlyCount "138"]

1.d4 Nf6 2.c4 e6 3.Nc3 Bb4 4.Qc2 O-O 5.a3 Bxc3+ 6.Qxc3 d5 7.Nf3 dxc4 8.
Qxc4 b6 9.Bg5 Ba6 10.Qa4 h6 11.Bh4 Qd7 12.Qxd7 Nbxd7 13.e3 Bxf1 14.Kxf1 
Ne4 15.Ke2 c5 16.Rac1 Rac8 17.Nd2 Nxd2 18.Kxd2 cxd4 19.exd4 g5 20.Bg3 Nf6 
21.Kd3 Nd5 22.Rce1 Rc4 23.h4 g4 24.f3 gxf3 25.gxf3 Rfc8 26.Reg1 Kh7 27.Be1
Rc2 28.Bc3 Rf2 29.Rg3 Rg8 30.Rxg8 Rxf3+ 31.Kc4 Kxg8 32.a4 a5 33.Bd2 Kh7 
34.h5 Rf2 35.Kd3 Rg2 36.Re1 Kg7 37.b3 Rh2 38.Rg1+ Kf6 39.Bxh6 Rxh5 40.Bg7+
Ke7 41.Be5 f6 42.Bb8 Kd7 43.Rg7+ Kc6 44.Bg3 Rh1 45.Kc2 Rg1 46.Kd2 Rg2+ 47.
Kc1 b5 48.Rg8 bxa4 49.bxa4 f5 50.Rg5 f4 51.Bxf4 Nxf4 52.Rxa5 Ne2+ 53.Kd2 
Nxd4+ 54.Kc3 Nf5 55.Ra8 Kd5 56.a5 Nd6 57.Kb3 Rg1 58.Kb2 e5 59.a6 e4 60.a7 
Rg7 61.Kc2 Rd7 62.Kd2 Kd4 63.Ke2 Nb5 64.Rb8 Nc3+ 65.Kd2 e3+ 66.Kc2 Rxa7 
67.Rb4+ Kc5 68.Rb3 Nd5 69.Rb2 Kd4 0-1

[Event "14th EUR-ch"]
[Site "Legnica POL"]
[Date "2013.05.16"]
[Round "11"]
[White "Zude, Erik"]
[Black "Papasimakopoulos, Alexandros"]
[Result "1/2-1/2"]
[WhiteElo "2382"]
[BlackElo "2242"]
[EventDate "2013.05.05"]
[PlyCount "123"]

1.d4 Nf6 2.c4 e6 3.Nc3 Bb4 4.e3 c5 5.Bd3 O-O 6.Ne2 d5 7.a3 cxd4 8.axb4 
dxc3 9.Nxc3 dxc4 10.Bxc4 Qb6 11.b5 Nbd7 12.O-O Qc7 13.Be2 b6 14.e4 Bb7 15.
f3 Qc5+ 16.Kh1 Rfd8 17.Qd3 Qe7 18.Ra3 Nc5 19.Qe3 e5 20.Bc4 Ne6 21.Bxe6 
Qxe6 22.Qe2 Ne8 23.Be3 Nd6 24.Rfa1 Nc8 25.Bf2 h6 26.Kg1 Rd6 27.Ra4 Qd7 28.
Be3 Kf8 29.g4 Qd8 30.Qf2 Rb8 31.h4 Ba8 32.h5 Rb7 33.Re1 Rbd7 34.Raa1 Bb7 
35.Kg2 Kg8 36.Re2 Rd3 37.Kh1 Ba8 38.Ra4 Nd6 39.Rc2 Ne8 40.Rc1 Nd6 41.Kg1 
Rc7 42.Rca1 Nc4 43.Rxc4 Rxc4 44.Rxa7 Rc8 45.Kg2 Rb8 46.Ra6 Qd7 47.Qe2 Rd6 
48.Na4 Qc7 49.Qf2 Qc4 50.Nc3 Qe6 51.Kg3 Bb7 52.Ra7 Qd7 53.Bxb6 Ra8 54.
Rxa8+ Bxa8 55.Qc5 f6 56.Ba5 Kh7 57.Nd5 Bxd5 58.Bb4 Bf7 59.Qxd6 Qxb5 60.Qc5
Qf1 61.Qf2 Qc1 62.Qd2 1/2-1/2

[Event "14th EUR-ch"]
[Site "Legnica POL"]
[Date "2013.05.16"]
[Round "11"]
[White "Matsenko, Andrei"]
[Black "Yildiz, Betul Cemre"]
[Result "1-0"]
[WhiteElo "2212"]
[BlackElo "2325"]
[EventDate "2013.05.05"]
[PlyCount "73"]

1.e4 e5 2.Nf3 Nc6 3.Bb5 a6 4.Ba4 Nf6 5.d3 d6 6.c3 g6 7.O-O Bg7 8.Re1 O-O 
9.Nbd2 h6 10.Nf1 b5 11.Bc2 d5 12.Qe2 Be6 13.Ne3 d4 14.Nf1 Nh5 15.Ng3 Nf4 
16.Qd1 Qd7 17.Ne2 Nxe2+ 18.Qxe2 Kh7 19.Bd2 Rae8 20.a4 f5 21.axb5 axb5 22.
exf5 Bxf5 23.Nh4 Be6 24.Ra6 Nb8 25.Ra5 Qc6 26.c4 e4 27.Rxb5 Bd7 28.dxe4 
Qf6 29.g3 Bxb5 30.cxb5 d3 31.Bxd3 Qxb2 32.Ba5 Qa3 33.Bxc7 Bd4 34.Bf4 Rd8 
35.Bb1 g5 36.e5+ Kg8 37.Qc4+ 1-0

[Event "14th EUR-ch"]
[Site "Legnica POL"]
[Date "2013.05.16"]
[Round "11"]
[White "Musialkiewicz, Pawel"]
[Black "Curic, Drazen"]
[Result "1-0"]
[WhiteElo "2160"]
[BlackElo "2258"]
[EventDate "2013.05.05"]
[PlyCount "73"]

1.d4 f5 2.g3 Nf6 3.Bg2 g6 4.Nf3 Bg7 5.O-O O-O 6.c4 d6 7.Nc3 c6 8.Re1 Na6 
9.Bd2 Ne4 10.Rb1 Nxd2 11.Qxd2 e5 12.Red1 e4 13.Ne1 d5 14.cxd5 cxd5 15.b4 
Nc7 16.e3 Be6 17.b5 Ne8 18.Na4 b6 19.Bf1 g5 20.f4 gxf4 21.gxf4 Kh8 22.Kh1 
Rg8 23.Ng2 Bf7 24.Rbc1 Nf6 25.Rc2 Bh5 26.Be2 Bf3 27.Rf1 Bg4 28.Bxg4 Nxg4 
29.h3 Nf6 30.Qd1 Ne8 31.Rc6 Nd6 32.Qh5 Bf6 33.Nc3 Nc4 34.Qxf5 Rxg2 35.Nxd5
Bg7 36.Rxc4 Rg3 37.Rfc1 1-0

[Event "14th EUR-ch"]
[Site "Legnica POL"]
[Date "2013.05.16"]
[Round "11"]
[White "Makolli, Perparim"]
[Black "Dubinski, Mateusz"]
[Result "0-1"]
[WhiteElo "2286"]
[BlackElo "2219"]
[EventDate "2013.05.05"]
[PlyCount "88"]

1.e4 e5 2.Nf3 Nc6 3.Bb5 a6 4.Ba4 d6 5.c3 Bd7 6.O-O g6 7.d4 Bg7 8.Bg5 Qc8 
9.dxe5 Nxe5 10.Nd4 h6 11.Bh4 b5 12.Bb3 c5 13.Ne2 c4 14.Bc2 Qc5 15.Kh1 Nf6 
16.f3 O-O 17.Bf2 Qc7 18.Bd4 Bc6 19.f4 Nd3 20.Bxf6 Bxf6 21.Bxd3 cxd3 22.
Qxd3 Rfe8 23.Nd2 Qb7 24.Ng3 Rad8 25.Rfe1 Bh4 26.Re2 d5 27.e5 b4 28.Qd4 
bxc3 29.bxc3 Bd7 30.Rb1 Qc7 31.Nf3 Bxg3 32.hxg3 Bf5 33.Rb6 Rc8 34.Re3 Re6 
35.Rb3 Rc6 36.Qd2 Be4 37.Nd4 Rc4 38.Qb2 Qd7 39.Nf3 Qg4 40.Kh2 g5 41.fxg5 
hxg5 42.Nd2 Kg7 43.Qc1 Rh8+ 44.Kg1 Rh1+ 0-1

[Event "14th EUR-ch"]
[Site "Legnica POL"]
[Date "2013.05.16"]
[Round "11"]
[White "Pappelis, Dimitrios"]
[Black "Posedaru, Bogdan"]
[Result "0-1"]
[WhiteElo "2055"]
[BlackElo "2339"]
[EventDate "2013.05.05"]
[PlyCount "54"]

1.e4 e5 2.Nf3 Nf6 3.Bc4 Nxe4 4.Nc3 Nxc3 5.dxc3 f6 6.Nh4 g6 7.O-O c6 8.f4 
Bc5+ 9.Kh1 d5 10.fxe5 f5 11.Nxf5 Bxf5 12.Rxf5 gxf5 13.Qh5+ Kd7 14.Qxf5+ 
Kc7 15.Bf4 Rf8 16.e6+ Kb6 17.Qe5 Rxf4 18.Qxf4 dxc4 19.Qxc4 Qd5 20.Qe2 Na6 
21.Rd1 Qg5 22.b4 Be7 23.Rd7 Rd8 24.Qf2+ c5 25.h4 Qxh4+ 26.Qxh4 Bxh4 27.e7 
Re8 0-1

[Event "14th EUR-ch"]
[Site "Legnica POL"]
[Date "2013.05.16"]
[Round "11"]
[White "Pogosian, Vladimir"]
[Black "Rindlisbacher, Jan"]
[Result "1-0"]
[WhiteElo "2132"]
[BlackElo "2241"]
[EventDate "2013.05.05"]
[PlyCount "85"]

1.f4 d5 2.Nf3 Nf6 3.g3 g6 4.Bg2 Bg7 5.O-O c5 6.d3 O-O 7.Nc3 d4 8.Ne4 Nxe4 
9.dxe4 Nc6 10.a3 Qb6 11.h3 c4 12.Kh1 Rd8 13.g4 Bd7 14.Qe1 Be8 15.e5 d3 16.
exd3 cxd3 17.c3 Na5 18.Rb1 Nc4 19.b3 Bc6 20.Nd4 Bxg2+ 21.Kxg2 f6 22.Qe4 d2
23.bxc4 dxc1=Q 24.Rfxc1 Qa6 25.Rxb7 Qxa3 26.Rc2 fxe5 27.Nc6 Rd1 28.Nxe7+ 
Kh8 29.Rd7 Rf8 30.Nxg6+ hxg6 31.Rxd1 exf4 32.Qxg6 f3+ 33.Kf1 Qe7 34.Qh5+ 
Kg8 35.Qd5+ Kh8 36.Re1 Qc7 37.Rf2 Qf4 38.Qh5+ Kg8 39.g5 Bxc3 40.g6 Qxc4+ 
41.Kg1 Qc7 42.Rc1 Rc8 43.Qxf3 1-0

[Event "14th EUR-ch"]
[Site "Legnica POL"]
[Date "2013.05.16"]
[Round "11"]
[White "Leiber, Bernard"]
[Black "Gebigke, Martin"]
[Result "0-1"]
[WhiteElo "2209"]
[BlackElo "2158"]
[EventDate "2013.05.05"]
[PlyCount "126"]

1.d4 Nf6 2.Nf3 e6 3.g3 b6 4.Bg2 Bb7 5.O-O Be7 6.c4 O-O 7.Nc3 Ne4 8.Qc2 f5 
9.a3 Nxc3 10.Qxc3 Bf6 11.Rd1 Nc6 12.Qc2 Ne7 13.Ne5 Bxg2 14.Kxg2 d6 15.Be3 
Qe8 16.Nf3 e5 17.b4 e4 18.Ng5 Qd7 19.Rac1 h6 20.Nh3 g5 21.f4 exf3+ 22.exf3
f4 23.Bf2 fxg3 24.Bxg3 Nf5 25.Bf2 Rae8 26.Ng1 Re3 27.d5 Rxa3 28.Re1 Be5 
29.b5 Qf7 30.Qe4 Ra2 31.Re2 Ra3 32.Rcc2 a5 33.bxa6 Rxa6 34.Ra2 Rfa8 35.Qb1
Ra5 36.Rxa5 Rxa5 37.Ra2 Rxa2 38.Qxa2 Kg7 39.Qe2 Qf6 40.Qe4 Qg6 41.Ne2 Kf7 
42.Kg1 Qf6 43.h3 Qg6 44.Kf1 Ne7 45.Qg4 Ke8 46.Be3 Nf5 47.Bd2 Qf7 48.Qe4 
Kd8 49.Kg1 Nh4 50.f4 gxf4 51.Bxf4 Qf6 52.Kh1 Bxf4 53.Nxf4 Qa1+ 54.Kh2 Qe5 
55.Qxe5 Nf3+ 56.Kg3 Nxe5 57.Kh4 Nxc4 58.Kh5 b5 59.Kxh6 b4 60.Kg7 b3 61.Nd3
Ne3 62.Kg6 Nxd5 63.h4 Nf4+ 0-1

[Event "14th EUR-ch"]
[Site "Legnica POL"]
[Date "2013.05.16"]
[Round "11"]
[White "Chubar, Vladimir"]
[Black "Sabuk, Piotr"]
[Result "0-1"]
[WhiteElo "2053"]
[BlackElo "2206"]
[EventDate "2013.05.05"]
[PlyCount "80"]

1.d4 d5 2.Nf3 Nf6 3.Bf4 c5 4.e3 Nc6 5.c3 Qb6 6.Qc1 Bf5 7.Nbd2 Rc8 8.a3 h6 
9.h3 cxd4 10.exd4 e6 11.Be2 Be7 12.O-O O-O 13.b4 Ne4 14.Qb2 Bd6 15.Nxe4 
Bxf4 16.Nc5 Qc7 17.Bd3 Ne7 18.Bxf5 Nxf5 19.Nd3 b6 20.Rfe1 Bd6 21.Rac1 Be7 
22.Nde5 Nd6 23.a4 Bf6 24.Ng4 Qe7 25.Qe2 Rc7 26.Nfe5 Rfc8 27.b5 Bxe5 28.
Nxe5 Qf8 29.Nc6 a6 30.Ne5 axb5 31.axb5 Qe8 32.c4 dxc4 33.Rc3 Qxb5 34.Qh5 
Qa5 35.Ree3 Nf5 36.Ra3 Qb4 37.Rec3 b5 38.g4 Nxd4 39.g5 Qb1+ 40.Kh2 Qf5 0-1

[Event "14th EUR-ch"]
[Site "Legnica POL"]
[Date "2013.05.16"]
[Round "11"]
[White "Machan, Jan"]
[Black "Wolff, Peter"]
[Result "1-0"]
[WhiteElo "2173"]
[BlackElo "1962"]
[EventDate "2013.05.05"]
[PlyCount "157"]

1.d4 d5 2.c4 c6 3.Nc3 Nf6 4.Nf3 dxc4 5.a4 Bf5 6.e3 e6 7.Bxc4 Bb4 8.O-O O-O
9.Qb3 Qe7 10.Bd2 a5 11.Rfd1 h6 12.Na2 Bd6 13.Rac1 b5 14.Be2 b4 15.Be1 Be4 
16.Nd2 Bd5 17.Bc4 Nbd7 18.f3 Nb6 19.e4 Bxc4 20.Nxc4 Nxc4 21.Rxc4 e5 22.
Rxc6 exd4 23.Nc1 Rfd8 24.Nd3 Nd7 25.Bf2 Ne5 26.Rc2 Qa7 27.Nxe5 Bxe5 28.Qd3
Rd7 29.Rdc1 Rad8 30.b3 Bf4 31.Rd1 Be3 32.Rc4 Bxf2+ 33.Kxf2 Qa6 34.Rdc1 h5 
35.Ke2 Qd6 36.h3 Qh2 37.Kf2 h4 38.Rc5 Qg3+ 39.Kf1 Qf4 40.R5c2 Qe3 41.Qxe3 
dxe3 42.Rc8 Rxc8 43.Rxc8+ Kh7 44.Rc5 Rd3 45.Rxa5 Kg6 46.Ke2 Rxb3 47.Rb5 
Kf6 48.a5 g6 49.f4 Ke7 50.a6 Ra3 51.Rb7+ Ke6 52.a7 b3 53.Rb6+ Ke7 54.Rxb3 
Rxa7 55.Rxe3 f6 56.Kf3 Ra5 57.Re2 Kf7 58.Kg4 Rh5 59.Ra2 Rh8 60.Ra7+ Ke6 
61.Rg7 Rh6 62.f5+ gxf5+ 63.exf5+ Ke5 64.Re7+ Kd4 65.Re6 Kd5 66.Kf4 Kd4 67.
Rd6+ Kc5 68.Rd8 Kc4 69.Rg8 Kd5 70.Rg6 Rh8 71.Rxf6 Ra8 72.Rg6 Rh8 73.Kg5 
Ke5 74.Re6+ Kd5 75.Re2 Kd6 76.f6 Rh7 77.Kg6 Rh8 78.f7 Ra8 79.Re8 1-0

[Event "14th EUR-ch"]
[Site "Legnica POL"]
[Date "2013.05.16"]
[Round "11"]
[White "Tomczak, Mikolaj"]
[Black "Cherednichenko, Elena"]
[Result "1/2-1/2"]
[WhiteElo "2002"]
[BlackElo "2168"]
[EventDate "2013.05.05"]
[PlyCount "83"]

1.e4 e5 2.Nf3 Nc6 3.Bb5 g6 4.c3 a6 5.Ba4 d6 6.d4 Bd7 7.d5 Nb8 8.c4 Bg7 9.
Nc3 h6 10.Be3 f5 11.exf5 gxf5 12.O-O Bxa4 13.Qxa4+ Qd7 14.Qxd7+ Nxd7 15.
Ne1 O-O-O 16.f3 Ne7 17.Nd3 Nb6 18.Bxb6 cxb6 19.Rac1 Bf6 20.Rc2 Kb8 21.a4 
Rhg8 22.Kh1 Rg7 23.b3 Rdg8 24.g3 h5 25.Nf2 Bg5 26.Re2 Bf6 27.Rc2 Rc8 28.
Nfd1 Ng8 29.Ne3 Nh6 30.Re1 Rcg8 31.Nf1 h4 32.Nd1 e4 33.fxe4 f4 34.Rf2 Be5 
35.Rf3 hxg3 36.hxg3 fxg3 37.Kg2 Ng4 38.Nde3 Nh2 39.Rf5 Bd4 40.Rh5 Nxf1 41.
Nxf1 Rf7 42.Rf5 
    {...}
1/2-1/2

[Event "14th EUR-ch"]
[Site "Legnica POL"]
[Date "2013.05.16"]
[Round "11"]
[White "Wenzel, Birger"]
[Black "Szostko, Jakub"]
[Result "0-1"]
[WhiteElo "2110"]
[BlackElo "1850"]
[EventDate "2013.05.05"]
[PlyCount "58"]

1.d4 Nf6 2.c4 e6 3.g3 d5 4.Nf3 dxc4 5.Bg2 Nc6 6.O-O Rb8 7.a4 a6 8.Bg5 Be7 
9.Nc3 O-O 10.e4 b5 11.axb5 axb5 12.Re1 Nb4 13.Ne5 Nd7 14.Na2 Nxe5 15.Nxb4 
Bxg5 16.dxe5 Bb7 17.Na6 Bxa6 18.Rxa6 Qc8 19.Ra1 Rd8 20.Qg4 Bd2 21.Rf1 b4 
22.f4 c3 23.b3 c2 24.f5 Ra8 25.f6 g6 26.Rac1 Be3+ 27.Kh1 Bxc1 28.Rxc1 Qd7 
29.Qf4 Qd2 0-1

[Event "14th EUR-ch"]
[Site "Legnica POL"]
[Date "2013.05.16"]
[Round "11"]
[White "Szonyi, Bence"]
[Black "Henseler, Jorgen"]
[Result "0-1"]
[WhiteElo "1651"]
[BlackElo "2093"]
[EventDate "2013.05.05"]
[PlyCount "92"]

1.e4 c5 2.c3 Nf6 3.e5 Nd5 4.d4 cxd4 5.cxd4 d6 6.exd6 Qxd6 7.Nf3 Nc6 8.Be2 
g6 9.O-O Bg7 10.Be3 O-O 11.Nc3 Nxe3 12.fxe3 Bg4 13.h3 Bd7 14.Kh1 Rac8 15.
Ne4 Qd5 16.Nc5 Bf5 17.Nh4 Bxh3 18.Bf3 Qg5 19.Qe1 Bf6 20.gxh3 Qxh4 21.Qxh4 
Bxh4 22.Nxb7 Nb4 23.Bd1 Nd3 24.b3 Rc3 25.Na5 Nf2+ 26.Kg2 Nxd1 27.Raxd1 
Rxe3 28.Rd2 f5 29.Nc4 Rg3+ 30.Kh2 Rc8 31.d5 Rc3 32.Kg2 Bg3 33.Rf3 Rxf3 34.
Kxf3 Bb8 35.Re2 Kf7 36.a4 g5 37.Rc2 Kf6 38.b4 h5 39.a5 g4+ 40.hxg4 hxg4+ 
41.Kg2 a6 42.Kf1 f4 43.Ke2 f3+ 44.Ke3 Ba7+ 45.Kd3 g3 46.Rc1 g2 0-1

[Event "14th EUR-ch"]
[Site "Legnica POL"]
[Date "2013.05.16"]
[Round "11"]
[White "Pavlicek, Miroslav"]
[Black "Skytte, Torill"]
[Result "0-1"]
[WhiteElo "2014"]
[BlackElo "1922"]
[EventDate "2013.05.05"]
[PlyCount "76"]

1.Nf3 d5 2.d4 e6 3.g3 c5 4.c4 Nc6 5.cxd5 exd5 6.Bg2 Nf6 7.O-O Be7 8.Nc3 
O-O 9.Bg5 c4 10.Ne5 h6 11.Bxf6 Bxf6 12.f4 Be6 13.Kh1 Ne7 14.e3 Qc8 15.Bf3 
a6 16.g4 Qc7 17.Qe1 Rad8 18.Qg3 b5 19.h4 Bc8 20.Bd1 Bxe5 21.fxe5 f6 22.Bc2
fxe5 23.dxe5 Rxf1+ 24.Rxf1 d4 25.exd4 Rxd4 26.Be4 Bb7 27.Qf4 Bxe4+ 28.Nxe4
Qb7 29.Re1 Ng6 30.Qe3 Rd3 31.Qe2 Nxh4 32.Rf1 Qd5 33.e6 Rh3+ 34.Kg1 Qd4+ 
35.Rf2 Ng6 36.Kg2 Re3 37.Qd2 Qxe4+ 38.Kh2 Qxe6 0-1

[Event "14th EUR-ch"]
[Site "Legnica POL"]
[Date "2013.05.16"]
[Round "11"]
[White "Guzewicz, Rafal"]
[Black "Korcz, Daniel"]
[Result "1-0"]
[WhiteElo "1942"]
[BlackElo "1855"]
[EventDate "2013.05.05"]
[PlyCount "82"]

1.d4 d5 2.Bf4 Nf6 3.e3 c6 4.c4 Qa5+ 5.Nc3 e6 6.c5 b5 7.Bd3 Be7 8.h3 Nbd7 
9.a3 Qd8 10.Nf3 O-O 11.O-O Re8 12.Qc2 g6 13.Rfe1 Bb7 14.Rac1 a6 15.Kh1 Qc8
16.h4 Bd8 17.e4 dxe4 18.Bxe4 Bc7 19.Bg5 Qb8 20.b4 Bf4 21.Rcd1 Bxg5 22.Nxg5
Qf4 23.g3 Qc7 24.Bg2 Kg7 25.Bh3 Nf8 26.Nce4 Nxe4 27.Nxe4 Red8 28.Qc3 Rd5 
29.Bg2 f6 30.Nd6 Rh5 31.Qf3 Rd5 32.Qg4 Rxd6 33.cxd6 Qxd6 34.Qf3 a5 35.Qc3 
axb4 36.axb4 Ra4 37.Ra1 Nd7 38.Rxa4 bxa4 39.Rc1 e5 40.d5 cxd5 41.Qc7 Qxb4 
1-0

[Event "14th EUR-ch"]
[Site "Legnica POL"]
[Date "2013.05.16"]
[Round "11"]
[White "Zemlicka, Vit"]
[Black "D`Aste, Federico"]
[Result "1-0"]
[WhiteElo "2049"]
[BlackElo "1501"]
[EventDate "2013.05.05"]
[PlyCount "61"]

1.e4 d5 2.exd5 Nf6 3.c4 c6 4.d4 cxd5 5.Nc3 Nc6 6.Bg5 Qb6 7.Bxf6 exf6 8.
Nxd5 Bb4+ 9.Nxb4 Qxb4+ 10.Qd2 Qe7+ 11.Be2 Bf5 12.Nf3 Rd8 13.O-O O-O 14.
Rfe1 Ne5 15.Qf4 Nxf3+ 16.Bxf3 Qd7 17.Rad1 g5 18.Qc1 g4 19.Be2 Kg7 20.d5 h5
21.Qf4 Rh8 22.Bd3 Bxd3 23.Rxd3 Rh6 24.Rde3 Rg6 25.Re7 Qa4 26.Qc7 Rf8 27.d6
Qc2 28.d7 Qd2 29.Re8 h4 30.d8=Q g3 31.Qxd2 1-0